000 00581nam a2200205Ia 4500
005 20240409150935.0
008 131103s9999 xx 000 0 und d
040 _aLoreto College
041 _aEnglish
082 _a370.1
_bCUN
100 _aCunningham, William F
245 4 _aThe Pivota Problems of Education
_b
_cWilliam F Cunningham
250 _aan introduction to the christian philosophy of education
260 _aNew York
_bMacmillan
_c1940
300 _axix,588p.
_b chart
504 _aIncludes index
650 _aEducation
850 _aLCBED
942 _cBK
999 _c26431
_d76910